000 00365nam a2200145 4500
999 _c9537
_d9537
003 OSt
005 20210702113300.0
008 210702b ||||| |||| 00| 0 eng d
020 _a9783869225616
082 _a720.94895
_bWEI
100 _aWeissbach, Heiko,
_d1963-
245 _a Architectural guide : Aarhus
260 _aGermany
_bOM Publishers
_c2017
942 _2ddc